Gaming Quiz

Random Gaming Quiz

Sonic Heroes Levels Quiz Stats

 Plays Quiz not verified by Sporcle

Also try: Chess Pieces
Challenge
Share
Tweet
Embed
Score 0/23 Timer 03:00
0 Plays Today
Type Levels % Correct
LevelSeaside Hill
82.6%
LevelOcean Palace
82.6%
LevelPower Plant
72.5%
LevelBINGO Highway
72.5%
BossTeam Battle
71.1%
BossTeam Battle
71.1%
BossEgg Hawk
70.5%
LevelRail Canyon
65.1%
LevelGrand Metropolis
64.4%
BossEgg Albatross
63.8%
LevelFrog Forest
63.1%
LevelCasino Park
61.7%
Type Levels % Correct
BossEgg Emperor
59.7%
LevelBullet Station
58.4%
LevelEgg Fleet
57.7%
LevelFinal Fortress
54.4%
BossMetal Madness
53.7%
LevelHang Castle
52.3%
LevelMystic Mansion
51.7%
Final BossMetal Overlord
50.3%
BossRobot Carnival
49%
LevelLost Jungle
49%
BossRobot Storm
43%

You're not logged in!

Compare scores with friends on all Sporcle quizzes.
OR
Log In

You Might Also Like...

Show Comments

Extras

Top Quizzes Today


Score Distribution

Your Account Isn't Verified!

In order to create a playlist on Sporcle, you need to verify the email address you used during registration. Go to your Sporcle Settings to finish the process.

Report this User

Report this user for behavior that violates our Community Guidelines.

Details: